Municipalities of Qatar on a Map - Statistics

General Stats
  • This quiz has been taken 1,855 times
  • The average score is 4 of 8
Answers on the Map
Answers color-coded by a green-red scale on the quiz's map according to % correct below.
 
Answer Stats
Population Municipalities % Correct
956,500 Ad Dawhah
96%
202,100 Al Khor
59%
605,800 Al Rayyan
57%
299,100 Al Wakrah
50%
90,900 Umm Salal
42%
8,800 Al Shamal
40%
54,400 Al Daayen
35%
187,600 Al Shahaniya
35%
No matching quizzes found
Score Distribution
Percent of People with Each Score
Percentile by Number Answered
Your Score History
You have not taken this quiz